000 00235nam a22001097a 4500
100 _aParagon
245 _aIntroduction Physics; Matter,Energy,& Heat
250 _a2015
260 _bBrown Bear Books
300 _a64
942 _2ddc
_cBK
999 _c12864
_d12864